| 000 | 01304cam a22003377a 4500 | ||
|---|---|---|---|
| 001 | 63066 | ||
| 003 | Mx-PuUPA | ||
| 005 | 20251014135356.0 | ||
| 008 | 150625s2013 ag a fr 001 0 spa d | ||
| 020 | _a9789872308810 | ||
| 040 |
_aMx-PuUPA _bspa _cMx-PuUPA _dMx-PuUPA _erda |
||
| 041 | 0 | _aspa | |
| 111 | 2 |
_aEncuentro de Centros Culturales Católicos del Cono Sur. _n(5a : _d18 al 21 de setiembre de 2012 : _cCiudad Autónoma de Buenos Aires), |
|
| 245 | 1 | 0 |
_aV encuentro de Centros Culturales Católicos del Cono Sur / _ccoordinador, Daniel Passaniti |
| 250 | _a1a edición | ||
| 264 | 1 |
_aArgentina : _bFundación Aletheia, _c©2013 |
|
| 300 |
_a221 páginas : _bilustraciones ; _c23 cm |
||
| 336 |
_2rdacontent _atexto _btxt |
||
| 336 |
_2rdacontent _aimagen fija _bsti |
||
| 337 |
_2rdamedia _asin medio _bn |
||
| 338 |
_2rdacarrier _avolumen _bnc |
||
| 650 | 7 |
_2armarc _aSociología de la religión |
|
| 650 | 7 |
_2armarc _aIglesia católica _xSociología _vCongresos |
|
| 650 | 7 |
_2armarc _aCristianismo y cultura _vCongresos |
|
| 700 | 1 |
_91152 _aPassaniti, Daniel, _d1955- _ecoordinador |
|
| 942 |
_2ddc _cLI _h306.63 _iE56 |
||
| 999 |
_c63066 _d63066 |
||